Wilayas d'Algérie - Statistiques

Statistiques générales
  • Ce quiz a été pris 4 488 fois
  • Le résultat moyen est 22 sur 48
Statistiques - réponses
Hint Réponse % Correct
16 Alger
97%
31 Oran
92%
06 Béjaia
83%
25 Constantine
81%
15 Tizi Ouzou
81%
23 Annaba
77%
19 Sétif
77%
13 Tlemcen
75%
09 Blida
66%
02 Chlef
64%
05 Batna
61%
27 Mostaganem
61%
01 Adrar
60%
18 Jijel
60%
07 Biskra
59%
21 Skikda
56%
35 Boumerdès
50%
42 Tipaza
50%
08 Béchar
49%
10 Bouira
48%
11 Tamanrasset
48%
22 Sidi Bel Abbès
46%
29 Mascara
43%
37 Tindouf
42%
17 Djelfa
41%
14 Tiaret
40%
47 Ghardaia
38%
28 M'Sila
38%
24 Guelma
37%
30 Ouargla
36%
48 Relizane
36%
20 Saida
35%
12 Tébessa
35%
03 Laghouat
34%
39 El Oued
33%
26 Médéa
33%
43 Mila
32%
46 Aïn Témouchent
29%
44 Ain Defla
27%
33 Illizi
25%
40 Khenchela
25%
41 Souk Ahras
25%
45 Naama
21%
32 El Bayadh
18%
38 Tissemsilt
18%
36 El Taref
17%
34 Borj Bou Arreridj
13%
04 Oum El Bouagui
13%
Aucun quiz correspondant
Distribution des résultats
% des personnes avec chaque résultat
Percentile par nombre de réponses
Votre historique - résultats
Vous n’avez pas pris ce quiz